| 000 | 01049cab a22001935a 4500 | ||
|---|---|---|---|
| 001 | L138619 | ||
| 008 | 070626e20070622xxkdo f 000 0 eng d | ||
| 035 | _a(Sirsi) u138619 | ||
| 041 | 0 | _aeng | |
| 100 | 1 | _aMorrison, Doug | |
| 245 | 0 | 0 | _aTowers inferno |
| 260 | _c2007 | ||
| 490 |
_aProperty Week _v72(25) 22 June 2007, 76-78(3) |
||
| 520 | _aReports on the regional markets for city living skyscrapers. Iconic buildings can attract high profile developments to the area. 1 Gunwharf Quays, next to Portsmouth's Spinnaker Tower, is one example that has attracted encouraging interest before marketing begins in earnest. High-rise residential buildings are losing their association with poor planning. More regional centres are attracting such developments than has traditionally been the case. The sustainability of such buildings is still in question however, and developers must rise to the challenge. | ||
| 590 | _aKA | ||
| 651 | 4 |
_aUnited Kingdom _y |
|
| 690 | _aPROPERTY-RESIDENTIAL PROPERTY-RESIDENTIAL PROPERTY DEVELOPMENT | ||
| 942 | _n0 | ||
| 999 |
_c78928 _d78928 |
||